| 000 | 00632nam a2200241 a 4500 | ||
|---|---|---|---|
| 005 | 20140310183453.0 | ||
| 008 | 090723s19uu xx 00 eng d | ||
| 020 | _a9789712719813 | ||
| 050 |
_aHF 5681 _b.J8 2008 |
||
| 100 | _aJucutan, Myra Lao | ||
| 245 |
_a101 product innovations and marketing / _cMyra Lao Jucutan |
||
| 260 |
_aManila : _bAnvil Publishing, _c2008. |
||
| 300 |
_a101 p. : _c18 cm. |
||
| 521 | _aBSBA | ||
| 650 | _aBSBA FIL. | ||
| 650 | _aProduct innovation. | ||
| 650 | _aMarketing. | ||
| 700 | _aLao, Felix M. | ||
| 942 |
_cBK _2lcc _kLOC |
||
| 999 |
_c23500 _d23500 |
||